Statistics for Capitals of the Countries that Start with S

Click here to take the quiz!

General Stats

  • This quiz has been taken 240 times
    (213 since last reset)
  • The average score is 21 of 26

Answer Stats

CountryCapital% Correct
South KoreaSeoul
97%
SpainMadrid
96%
San MarinoSan Marino
95%
SingaporeSingapore
95%
SwedenStockholm
95%
South AfricaPretoria, Cape Town or Bloemfontein
94%
SwitzerlandBern
92%
SyriaDamascus
90%
Saudi ArabiaRiyadh
90%
SerbiaBelgrade
88%
São Tomé and PrincipeSão Tomé
87%
SlovakiaBratislava
85%
SloveniaLjubljana
85%
SomaliaMogadishu
83%
SenegalDakar
82%
Sierra LeoneFreetown
79%
SudanKhartoum
79%
SeychellesVictoria
77%
SurinameParamaribo
76%
South SudanJuba
74%
Saint LuciaCastries
70%
Sri LankaSri Jayawardenepura Kotte
69%
SamoaApia
68%
Saint Kitts and NevisBasseterre
65%
Solomon IslandsHoniara
63%
Saint Vincent and the GrenadinesKingstown
59%

Score Distribution

Percentile by Number Answered

Percent of People with Each Score

Your Score History

You have not taken this quiz since the last reset